00581nam a2200145Ia 4500008004100000100001500041245009100056245001500147260000900162300001200171650001300183856014700196999001900343952007300362170221s9999 xx 000 0 und d aKashif Beg aDeterminants of Financial Self Sufficiency of Andhra Pradesh Microfinance Institutions cKashif Beg c2012 a32 : 13 xBusiness uhttp://www.omicsgroup.org/journals/determinants-of-financial-self-sufficiency-of-andhra-pradeshmicrofinance-institutions-2167-0234-1000209.pdf c311339d311339 001040aCLbCLd2017-02-21l0r2017-02-21 00:00:00w2017-02-21yFOJ